|
|
|
|
| LEADER |
00000cam a2200000 7i4500 |
| 001 |
0000092363 |
| 005 |
20231017144646.0 |
| 008 |
230917 may |
| 020 |
|
|
|a 9789832718918 (
|q (paperback))
|
| 040 |
|
|
|e rda
|
| 041 |
|
|
|a Malay
|
| 090 |
0 |
0 |
|a 641.309595
|b CHE
|
| 100 |
0 |
|
|a Che Wan Jasimah Bt Wan Mohamed Radzi ,
|e (author)
|
| 245 |
0 |
0 |
|a Kepelbagaian budaya pemakanan di Malaysia :
|b perspektif Islam
|c Che Wan Jasimah Bt Wan Mohamed Radzi
|
| 264 |
|
1 |
|a Kuala Lumpur :
|b Penerbit IKIM/IKIM Press
|c 2021
|
| 300 |
|
|
|a 133 pages ;
|c 23 cm.
|
| 336 |
|
|
|a text
|2 rdacontent
|
| 337 |
|
|
|a unmediated
|2 rdamedia
|
| 338 |
|
|
|a volume
|2 rdacarrier
|
| 541 |
|
|
|c Purchased on 2023
|f B20651 IKIM
|h RM45.00
|
| 650 |
|
0 |
|a Food
|z Malaysia
|
| 650 |
|
0 |
|a Government publications
|z Malaysia
|
| 730 |
0 |
|
|a Title
|
| 999 |
|
|
|a 0001734031
|b Book
|c Adult Collection
|e Perbadanan Perpustakaan Awam Johor
|
| 999 |
|
|
|a 0001734063
|b Book
|c Adult Collection
|e Perbadanan Perpustakaan Awam Johor
|
| 999 |
|
|
|a 0001734064
|b Book
|c Adult Collection
|e Cawangan Urban Transformation Centre
|
| 999 |
|
|
|a 0001734065
|b Book
|c Adult Collection
|e Cawangan AEON Kulaijaya
|
| 999 |
|
|
|a 0001734066
|b Book
|c Adult Collection
|e Cawangan Pontian
|
| 999 |
|
|
|a 0001734067
|b Book
|c Adult Collection
|e Cawangan Bukit Gambir
|
| 999 |
|
|
|a 0001734068
|b Book
|c Adult Collection
|e Cawangan Kota Tinggi
|
| 999 |
|
|
|a 0001734069
|b Book
|c Adult Collection
|e Cawangan Bandar Tenggara
|
| 999 |
|
|
|a 0001734070
|b Book
|c Adult Collection
|e Cawangan Taman Sri Lambak
|
| 999 |
|
|
|a 0001734071
|b Book
|c Adult Collection
|e Cawangan Sri Merlong
|
| 999 |
|
|
|a 0001734072
|b Book
|c Adult Collection
|e Cawangan Tangkak
|
| 999 |
|
|
|a 0001734073
|b Book
|c Adult Collection
|e Cawangan Segamat
|
| 999 |
|
|
|a 0001734074
|b Book
|c Adult Collection
|e Cawangan Batu Pahat
|
| 999 |
|
|
|a 0001734075
|b Book
|c Adult Collection
|e Cawangan Bandar Penawar
|
| 999 |
|
|
|a 0001734076
|b Book
|c Adult Collection
|e Cawangan Mersing
|
| 999 |
|
|
|a 0001734077
|b Book
|c Adult Collection
|e Cawangan Muar
|
| 999 |
|
|
|a 0001734184
|b Book
|c Adult Collection
|e Desa - PPAJ
|
| 999 |
|
|
|a 0001734185
|b Book
|c Adult Collection
|e Desa - PPAJ
|
| 999 |
|
|
|a 0001734186
|b Book
|c Adult Collection
|e Desa - PPAJ
|
| 999 |
|
|
|a 0001734187
|b Book
|c Adult Collection
|e Desa - PPAJ
|
| 999 |
|
|
|a 0001734188
|b Book
|c Adult Collection
|e Desa - PPAJ
|
| 999 |
|
|
|a 0001734189
|b Book
|c Adult Collection
|e Desa - PPAJ
|
| 999 |
|
|
|a 0001734190
|b Book
|c Adult Collection
|e Desa - PPAJ
|
| 999 |
|
|
|a 0001734191
|b Book
|c Adult Collection
|e Desa - PPAJ
|
| 999 |
|
|
|a 0001734192
|b Book
|c Adult Collection
|e Desa - PPAJ
|
| 999 |
|
|
|a 0001734193
|b Book
|c Adult Collection
|e Desa - PPAJ
|
| 999 |
|
|
|a 0001734194
|b Book
|c Adult Collection
|e Desa - PPAJ
|
| 999 |
|
|
|a 0001734195
|b Book
|c Adult Collection
|e Desa - PPAJ
|
| 999 |
|
|
|a 0001734196
|b Book
|c Adult Collection
|e Desa - PPAJ
|
| 999 |
|
|
|a 0001734197
|b Book
|c Adult Collection
|e Desa - PPAJ
|
| 999 |
|
|
|a 0001734198
|b Book
|c Adult Collection
|e Desa - PPAJ
|
| 999 |
|
|
|a 0001734199
|b Book
|c Adult Collection
|e Desa - PPAJ
|
| 999 |
|
|
|a 0001734200
|b Book
|c Adult Collection
|e Desa - PPAJ
|
| 999 |
|
|
|a 0001734201
|b Book
|c Adult Collection
|e Desa - PPAJ
|
| 999 |
|
|
|a 0001734202
|b Book
|c Adult Collection
|e Desa - PPAJ
|
| 999 |
|
|
|a 0001734203
|b Book
|c Adult Collection
|e Desa - PPAJ
|
| 999 |
|
|
|a 0001734204
|b Book
|c Adult Collection
|e Desa - PPAJ
|
| 999 |
|
|
|a 0001734205
|b Book
|c Adult Collection
|e Desa - PPAJ
|
| 999 |
|
|
|a 0001734206
|b Book
|c Adult Collection
|e Desa - PPAJ
|
| 999 |
|
|
|a 0001734207
|b Book
|c Adult Collection
|e Desa - PPAJ
|
| 999 |
|
|
|a 0001734208
|b Book
|c Adult Collection
|e Desa - PPAJ
|
| 999 |
|
|
|a 0001734209
|b Book
|c Adult Collection
|e Desa - PPAJ
|
| 999 |
|
|
|a 0001734210
|b Book
|c Adult Collection
|e Desa - PPAJ
|
| 999 |
|
|
|a 0001734211
|b Book
|c Adult Collection
|e Desa - PPAJ
|
| 999 |
|
|
|a 0001734212
|b Book
|c Adult Collection
|e Desa - PPAJ
|
| 999 |
|
|
|a 0001734213
|b Book
|c Adult Collection
|e Desa - PPAJ
|
| 999 |
|
|
|a 0001734214
|b Book
|c Adult Collection
|e Desa - PPAJ
|
| 999 |
|
|
|a 0001734215
|b Book
|c Adult Collection
|e Desa - PPAJ
|
| 999 |
|
|
|a 0001734216
|b Book
|c Adult Collection
|e Desa - PPAJ
|
| 999 |
|
|
|a 0001734217
|b Book
|c Adult Collection
|e Desa - PPAJ
|
| 999 |
|
|
|a 0001734218
|b Book
|c Adult Collection
|e Desa - PPAJ
|
| 999 |
|
|
|a 0001734219
|b Book
|c Adult Collection
|e Desa - PPAJ
|
| 999 |
|
|
|a 0001734220
|b Book
|c Adult Collection
|e Desa - PPAJ
|
| 999 |
|
|
|a 0001734221
|b Book
|c Adult Collection
|e Desa - PPAJ
|
| 999 |
|
|
|a 0001734222
|b Book
|c Adult Collection
|e Desa - PPAJ
|
| 999 |
|
|
|a 0001734223
|b Book
|c Adult Collection
|e Desa - PPAJ
|
| 999 |
|
|
|a 0001734224
|b Book
|c Adult Collection
|e Desa - PPAJ
|
| 999 |
|
|
|a 0001734442
|b Book
|c Adult Collection
|e Cawangan Tmn. Ungku Tun Aminah
|